Statistiques concernant Périphrases - Série 04

Cliquez ici pour prendre le quiz!

Statistiques générales

  • Ce quiz a été pris 65 fois
  • Le résultat moyen est 3 sur 10

Statistiques - réponses

PériphraseMot% Correct
La plus belle avenue du mondeLes Champs Elysées
85%
L'étoile du bergerVénus
64%
La capitale des GaulesLyon
46%
La ville des tentationsLas vegas
34%
L'oiseau d'Athénachouette
31%
L'or blancneige
31%
L'oiseau de Junonpaon
5%
L'oiseau des tempêtesgoéland
5%
La fille de l'airmouche
2%
La fille du limongrenouille
2%

Distribution des résultats

Percentile par nombre de réponses

% des personnes avec chaque résultat

Votre développement - résultats

Vous n’avez pas pris ce quiz